The social construction of technological systems : New directions in the sociology and history of technology
Papers of a workshop held at the University of Twente, The Netherlands, in July 1984 about the social construction of technological systems
Gardado en:
| Formato: | Libro |
|---|---|
| Idioma: | Undetermined |
| Publicado: |
Cambridge
MIT Press
1987
|
| Những chủ đề: | |
| Các nhãn: |
Engadir etiqueta
Sen Etiquetas, Sexa o primeiro en etiquetar este rexistro!
|
| Thư viện lưu trữ: | Trung tâm Học liệu Trường Đại học Cần Thơ |
|---|
| LEADER | 00820nam a2200205Ia 4500 | ||
|---|---|---|---|
| 001 | CTU_219512 | ||
| 008 | 210402s9999 xx 000 0 und d | ||
| 082 | |a 303.483 | ||
| 082 | |b S678 | ||
| 245 | 4 | |a The social construction of technological systems : | |
| 245 | 0 | |b New directions in the sociology and history of technology | |
| 245 | 0 | |c Edited by Wiebe E. Bijker, Thomas P. Hughes, Trevor J. Pinch | |
| 260 | |a Cambridge | ||
| 260 | |b MIT Press | ||
| 260 | |c 1987 | ||
| 520 | |a Papers of a workshop held at the University of Twente, The Netherlands, in July 1984 about the social construction of technological systems | ||
| 650 | |a Khoa học công nghệ,Technology | ||
| 650 | |x Khía cạnh xã hội,Sociological aspects | ||
| 904 | |i Nguyên | ||
| 980 | |a Trung tâm Học liệu Trường Đại học Cần Thơ | ||